000 00532nam a2200193Ia 4500
999 _c3796
_d3796
003 OSt
005 20200819103907.0
008 190216s9999||||xx |||||||||||||| ||und||
020 _a9788120338982
040 _coclc
082 _a541.28
_bLEV/Q
100 _aLevine, Ira N
_94208
245 0 _aQuantum Chemistry /
_cIra N Levine
250 _a6th Ed.
260 _bPhi Learning Private Ltd,
_c2012.
_aNew Delhi:
300 _a751p
650 _aChemistry
942 _cBK
_2ddc
_h541.28
_iLEV/Q
_k541.28
_mLEV/Q